000 00535nam a2200181Ia 4500
999 _c29640
_d29640
003 OSt
005 20201228150917.0
008 190216s9999||||xx |||||||||||||| ||und||
020 _a9798187474844
040 _coclc
082 _a700
_bPUD/C
100 _aPudovikin, Vselovod
_97931
245 0 _aCinema Abhinayam Cinema Sanketham /
_cVselovod Pudovikin ; M M Varky
260 _bOlive Publications,
_c2009.
_aKozhikode:
300 _a281p
650 _aPadanam
942 _cBK
_2ddc
_h700
_iPUD/C
_k700
_mPUD/C